<?xml version="1.0" encoding="UTF-8"?><?xml-stylesheet type="text/xsl" href="static/style.xsl"?><OAI-PMH xmlns="http://www.openarchives.org/OAI/2.0/" xmlns:xsi="http://www.w3.org/2001/XMLSchema-instance" xsi:schemaLocation="http://www.openarchives.org/OAI/2.0/ http://www.openarchives.org/OAI/2.0/OAI-PMH.xsd"><responseDate>2026-04-14T11:55:56Z</responseDate><request verb="GetRecord" identifier="oai:uvadoc.uva.es:10324/76868" metadataPrefix="marc">https://uvadoc.uva.es/oai/request</request><GetRecord><record><header><identifier>oai:uvadoc.uva.es:10324/76868</identifier><datestamp>2025-07-28T19:02:57Z</datestamp><setSpec>com_10324_38</setSpec><setSpec>col_10324_852</setSpec></header><metadata><record xmlns="http://www.loc.gov/MARC21/slim" xmlns:doc="http://www.lyncode.com/xoai" xmlns:xsi="http://www.w3.org/2001/XMLSchema-instance" xmlns:dcterms="http://purl.org/dc/terms/" xsi:schemaLocation="http://www.loc.gov/MARC21/slim http://www.loc.gov/standards/marcxml/schema/MARC21slim.xsd">
<leader>00925njm 22002777a 4500</leader>
<datafield tag="042" ind1=" " ind2=" ">
<subfield code="a">dc</subfield>
</datafield>
<datafield tag="720" ind1=" " ind2=" ">
<subfield code="a">Plá Gómez, Clara</subfield>
<subfield code="e">author</subfield>
</datafield>
<datafield tag="260" ind1=" " ind2=" ">
<subfield code="c">2024</subfield>
</datafield>
<datafield tag="520" ind1=" " ind2=" ">
<subfield code="a">El trabajo analiza el impacto de la publicidad en los hábitos de consumo de apuestas &#xd;
deportivas entre jóvenes de 18 a 25 años. A través de una revisión sistemática de la &#xd;
literatura, se estudian las estrategias publicitarias que normalizan el juego como una &#xd;
actividad cotidiana y socialmente aceptada. Se examinan los riesgos de ludopatía &#xd;
asociados a esta población, que se encuentra particularmente expuesta debido a su &#xd;
interacción constante con plataformas digitales y redes sociales. Las técnicas &#xd;
publicitarias, como los bonos de bienvenida, la colaboración con influencers y el framing, &#xd;
destacan entre los métodos más efectivos para captar la atención de los jóvenes. &#xd;
Además, se aborda cómo estas estrategias reducen la percepción de riesgo y promueven &#xd;
un consumo acrítico del juego.</subfield>
</datafield>
<datafield tag="024" ind2=" " ind1="8">
<subfield code="a">https://uvadoc.uva.es/handle/10324/76868</subfield>
</datafield>
<datafield tag="245" ind1="0" ind2="0">
<subfield code="a">La influencia de la publicidad en el consumo de apuestas deportivas de los jóvenes</subfield>
</datafield>
</record></metadata></record></GetRecord></OAI-PMH>